Avoiding structural collapses in refurbishment (Record no. 112456)

MARC details
000 -LEADER
fixed length control field 01279cad a22002655a 4500
001 - CONTROL NUMBER
control field L153302
008 - FIXED-LENGTH DATA ELEMENTS--GENERAL INFORMATION
fixed length control field 110707s2006 xxk f 000 0 eng d
035 ## - SYSTEM CONTROL NUMBER
System control number (Sirsi) u153302
041 0# - LANGUAGE CODE
Language code of text/sound track or separate title eng
100 1# - MAIN ENTRY--PERSONAL NAME
Personal name Anumba, Chimay J.
245 00 - TITLE STATEMENT
Title Avoiding structural collapses in refurbishment
Remainder of title a decision support system
Medium [electronic resource]
260 ## - PUBLICATION, DISTRIBUTION, ETC.
Place of publication, distribution, etc. [S.l.]
Name of publisher, distributor, etc. HSE
Date of publication, distribution, etc. 2006
490 #0 - SERIES STATEMENT
Series statement HSE Research Report
Volume/sequential designation 463
520 ## - SUMMARY, ETC.
Summary, etc. Documents the development of a Decision Support System to prevent structural collapses on refurbishment projects. The aim of the project, which commenced in April 2003, was to investigate the management of refurbishment projects and to identify areas where decision support can help in avoiding structural collapses.
651 #4 - SUBJECT ADDED ENTRY--GEOGRAPHIC NAME
Geographic name United Kingdom
Chronological subdivision
690 ## - LOCAL SUBJECT ADDED ENTRY--TOPICAL TERM (OCLC, RLIN)
Topical term or geographic name as entry element BUILT ENVIRONMENT-CONSTRUCTION DESIGN
690 ## - LOCAL SUBJECT ADDED ENTRY--TOPICAL TERM (OCLC, RLIN)
Topical term or geographic name as entry element BUILT ENVIRONMENT-BUILDING ELEMENTS-PARTS OF BUILDING ELEMENTS-CARCASS, FABRIC AND STRUCTURE
690 ## - LOCAL SUBJECT ADDED ENTRY--TOPICAL TERM (OCLC, RLIN)
Topical term or geographic name as entry element MANAGEMENT-HEALTH AND SAFETY
700 1# - ADDED ENTRY--PERSONAL NAME
Personal name Egbu, Charles
700 1# - ADDED ENTRY--PERSONAL NAME
Personal name Kashyap, Mukesh
710 1# - ADDED ENTRY--CORPORATE NAME
Corporate name or jurisdiction name as entry element Loughborough University
9 (RLIN) 3508
710 1# - ADDED ENTRY--CORPORATE NAME
Corporate name or jurisdiction name as entry element Great Britain
Subordinate unit Health and Safety Executive
856 40 - ELECTRONIC LOCATION AND ACCESS
Uniform Resource Identifier <a href="https://www.hse.gov.uk/research/rrpdf/rr463.pdf">https://www.hse.gov.uk/research/rrpdf/rr463.pdf</a>
Public note View this item free of charge at www.hse.gov.uk
942 ## - ADDED ENTRY ELEMENTS (KOHA)
Suppress in OPAC 0
Holdings
Withdrawn status Lost status Source of classification or shelving scheme Damaged status Not for loan Home library Current library Shelving location Date acquired Total Checkouts Full call number Barcode Date last seen Copy number Price effective from Koha item type
    Dewey Decimal Classification     Virtual Virtual Online 07/07/2011   ONLINE PUBLICATION 153302-1001 06/08/2019 1 06/08/2019 Book